[Event "4NCL Division 2b"]
[Site "Birmingham ENG"]
[Date "2015.02.15"]
[Round "6.16"]
[White "Ivell, Nicholas"]
[Black "Navarro Cia, Miguel"]
[Result "1/2-1/2"]
[WhiteElo "2237"]
[BlackElo "2273"]
[PlyCount "126"]
[EventDate "2015.02.15"]

1. e4 e6 2. d4 d5 3. e5 c5 4. c3 Qb6 5. Nf3 Nc6 6. a3 Nh6 7. b4 cxd4 8. cxd4
Nf5 9. Bb2 Bd7 10. g4 Nfe7 11. Nc3 Na5 12. Na4 Qc6 13. Nc5 Nc4 14. Bc1 h5 15.
g5 b6 16. Nxd7 Qxd7 17. Bd3 g6 18. O-O Rc8 19. Nh4 Bg7 20. Re1 Rc7 21. Ra2 O-O
22. Bb1 Rfc8 23. Bf4 Qb5 24. Bd3 a5 25. Bd2 Qa6 26. a4 Qa7 27. b5 Nxd2 28. Qxd2
Rc3 29. Rc2 Rxc2 30. Bxc2 Qc7 31. Re2 Bf8 32. Bd1 Qc1 33. Qxc1 Rxc1 34. Rd2 Nc8
35. Kf1 Bb4 36. Rd3 Kf8 37. Ke2 Ne7 38. Rf3 Ke8 39. Rd3 Rb1 40. Rb3 Ra1 41. Rd3
Ra2+ 42. Kf1 Kd7 43. h3 Rb2 44. Bb3 Rb1+ 45. Bd1 Bc3 46. Ke2 Ba1 47. Ke3 Rb4
48. Bc2 Rc4 49. Bb3 Rc7 50. Rd1 Bb2 51. Ke2 Bc1 52. Nf3 Nf5 53. Rd3 Bb2 54. Rd2
Ba3 55. Rd3 Bb4 56. Rd1 Rc3 57. Rd3 Rc8 58. Rd1 Ba3 59. Rd3 h4 60. Rd1 Bb2 61.
Rd2 Bc3 62. Rd3 Bb2 63. Rd2 Bc3 1/2-1/2

[Event "4NCL Division 2b"]
[Site "Birmingham ENG"]
[Date "2015.02.15"]
[Round "6.17"]
[White "O'Donnell, Conor"]
[Black "Carleton, John J"]
[Result "1/2-1/2"]
[WhiteElo "2190"]
[BlackElo "2245"]
[PlyCount "124"]
[EventDate "2015.02.15"]

1. d4 d5 2. c4 e6 3. Nc3 Bb4 4. Nf3 Nf6 5. cxd5 exd5 6. Bg5 Nbd7 7. e3 c5 8.
Bd3 Qa5 9. Qc2 O-O 10. O-O Bxc3 11. bxc3 c4 12. Bf5 Re8 13. Nd2 g6 14. Bxd7
Nxd7 15. f3 Nb6 16. Bf4 Bd7 17. e4 Qa3 18. Rac1 Ba4 19. Qb1 Bc6 20. Bg5 Qa5 21.
h4 Re6 22. e5 Qb5 23. Qc2 Qa5 24. Qb2 Qb5 25. Qa1 Na4 26. Rc2 Bd7 27. g4 Rb6
28. Bf6 Re8 29. Qc1 Rxf6 30. exf6 Qb6 31. Nb1 Qxf6 32. Qh6 Qe7 33. Kh2 f5 34.
gxf5 Bxf5 35. Rd2 Qd6+ 36. Kg2 b5 37. h5 a5 38. Rg1 Re6 39. Kh1 Qe7 40. Rdg2
Bxb1 41. Rxb1 Qh4+ 42. Rh2 Qg3 43. Rf1 Nxc3 44. hxg6 Qxg6 45. Qf4 Qe8 46. Rg1+
Rg6 47. Rxg6+ hxg6 48. Qf6 Qe1+ 49. Kg2 Qd2+ 50. Kh3 Qd3 51. Qe6+ Kg7 52. Qe5+
Kf7 53. Kg3 Ne4+ 54. Kf4 Nf6 55. Qc7+ Ke6 56. Qe5+ Kf7 57. Qc7+ Ke6 58. Qc8+
Kf7 59. Qb7+ Ke6 60. Qb6+ Kf7 61. Qb7+ Ke6 62. Qc8+ Kf7 1/2-1/2

[Event "4NCL Division 2b"]
[Site "Birmingham ENG"]
[Date "2015.02.15"]
[Round "6.18"]
[White "Smith, Andrew P"]
[Black "Moss, Guy"]
[Result "0-1"]
[WhiteElo "2150"]
[BlackElo "2029"]
[PlyCount "58"]
[EventDate "2015.02.15"]

1. e4 c5 2. Nf3 d6 3. d4 cxd4 4. Nxd4 Nf6 5. Nc3 Nc6 6. Bg5 e6 7. Be2 Be7 8.
O-O O-O 9. Qd3 Bd7 10. Nb3 d5 11. exd5 Nb4 12. Qd2 Nbxd5 13. Nxd5 Nxd5 14. Bxe7
Qxe7 15. c4 Nf6 16. Bf3 Rac8 17. Rac1 Bc6 18. Bxc6 Rxc6 19. Qe3 a6 20. Nd4 Rc7
21. b3 Rd8 22. Nf3 Rcd7 23. h3 h6 24. Rc2 Rd3 25. Qe5 Qd7 26. Qe2 Qd6 27. Rcc1
Nh5 28. Ne1 Nf4 29. Qe4 f5 0-1

[Event "4NCL Division 2b"]
[Site "Birmingham ENG"]
[Date "2015.02.15"]
[Round "6.19"]
[White "Brett, Andrew"]
[Black "Mitchell, Martin"]
[Result "0-1"]
[WhiteElo "2118"]
[BlackElo "2172"]
[PlyCount "116"]
[EventDate "2015.02.15"]

1. e4 d6 2. d4 Nf6 3. Nc3 g6 4. Be3 c6 5. h3 Nbd7 6. g4 b5 7. Bg2 e5 8. a4 b4
9. Nce2 Bb7 10. Ng3 h5 11. g5 h4 12. N3e2 Nh5 13. Qd2 c5 14. d5 Bg7 15. c4 bxc3
16. bxc3 Ba6 17. a5 Rb8 18. Nf3 Bxe2 19. Kxe2 Nf4+ 20. Kf1 Rb3 21. Kg1 O-O 22.
Bf1 f6 23. Kh2 fxg5 24. Rg1 Bf6 25. Bc4 Rb7 26. Rg4 Nb8 27. Bxf4 exf4 28. e5
dxe5 29. d6+ Kg7 30. Qd5 Rb2 31. Nd2 Nd7 32. Ne4 Qa8 33. Qd3 Bd8 34. Ra2 Rxa2
35. Bxa2 Nf6 36. Nxf6 Bxf6 37. Bd5 Qb8 38. Bc6 Rc8 39. Qd5 Rd8 40. d7 Qc7 41.
Bb5 Qxa5 42. Bd3 Qa4 43. Qxc5 Rxd7 44. Bc4 Qd1 45. Rg1 Qd6 46. Qxd6 Rxd6 47.
Ra1 Rd7 48. Bb5 Re7 49. f3 e4 50. fxe4 Bxc3 51. Rc1 Bd4 52. Bd3 f3 53. Rc4 Rd7
54. Bc2 f2 55. Kg2 g4 56. Bd3 gxh3+ 57. Kxh3 Bb6 58. Bf1 Rd1 0-1

[Event "4NCL Division 2b"]
[Site "Birmingham ENG"]
[Date "2015.02.15"]
[Round "6.20"]
[White "Jackson, Sheila"]
[Black "Goldie, Thomas"]
[Result "1/2-1/2"]
[WhiteElo "2127"]
[BlackElo "2022"]
[PlyCount "55"]
[EventDate "2015.02.15"]

1. e4 c5 2. c3 d5 3. exd5 Qxd5 4. d4 Nf6 5. Nf3 Bg4 6. Be2 e6 7. Be3 cxd4 8.
cxd4 Nc6 9. Nc3 Qd6 10. O-O Be7 11. Qb3 O-O 12. Rfd1 Rfd8 13. Rac1 Rac8 14.
Qxb7 Rb8 15. Qa6 Rb6 16. Qa4 Rxb2 17. Bb5 Nb4 18. Qxa7 Nbd5 19. Nxd5 Nxd5 20.
Rc6 Qb4 21. Bd3 Nxe3 22. fxe3 Bxf3 23. gxf3 Bh4 24. Rc7 Bf2+ 25. Kh1 Rf8 26.
Rc4 Qd6 27. Qc7 Qa3 28. Qf4 1/2-1/2

[Event "4NCL Division 2b"]
[Site "Birmingham ENG"]
[Date "2015.02.15"]
[Round "6.21"]
[White "Stewart, Ashley"]
[Black "Robertson, David J"]
[Result "1-0"]
[WhiteElo "2063"]
[BlackElo "1954"]
[PlyCount "62"]
[EventDate "2015.02.15"]

1. c4 c5 2. g3 Nf6 3. Bg2 d5 4. cxd5 Nxd5 5. Nc3 Nc7 6. Nf3 Nc6 7. O-O e5 8. d3
Be7 9. Nd2 O-O 10. Nc4 f6 11. f4 Rb8 12. fxe5 fxe5 13. Be3 Be6 14. b3 Nd5 15.
Nxd5 Bxd5 16. Nd2 Bxg2 17. Kxg2 Nd4 18. Bxd4 exd4 19. Rxf8+ Bxf8 20. Ne4 Qd5
21. Qc1 Be7 22. Qf4 Rc8 23. Rf1 h6 24. Qg4 Rf8 25. Rxf8+ Kxf8 26. Qf3+ Qf7 27.
g4 Kg8 28. Nd2 Qg6 29. h3 Qa6 30. Qf5 Qc6+ 31. Qe4 31... Kf7 {
Unable to read remaining moves.} 1-0

[Event "4NCL Division 2b"]
[Site "Birmingham ENG"]
[Date "2015.02.15"]
[Round "6.25"]
[White "Constantinou, Peter"]
[Black "Pleasants, Allan J"]
[Result "1-0"]
[WhiteElo "2290"]
[BlackElo "2099"]
[PlyCount "43"]
[EventDate "2015.02.15"]

1. d4 d6 2. e4 g6 3. c3 Bg7 4. f4 Nf6 5. Bd3 c5 6. dxc5 dxc5 7. Nf3 O-O 8. e5
Nd5 9. Be4 Nc7 10. Qe2 f5 11. Bd3 Nc6 12. O-O e6 13. Na3 Qe7 14. Nc4 Rd8 15.
Nd6 Ne8 16. Be3 b6 17. Bf2 Rxd6 18. exd6 Qxd6 19. Bc4 Nf6 20. Rad1 Qe7 21. Ng5
Nd8 22. Rxd8+ 1-0

[Event "4NCL Division 2b"]
[Site "Birmingham ENG"]
[Date "2015.02.15"]
[Round "6.26"]
[White "Simons, Martin J"]
[Black "Brown, Alan"]
[Result "1/2-1/2"]
[WhiteElo "2060"]
[BlackElo "2084"]
[PlyCount "25"]
[EventDate "2015.02.15"]

1. d4 Nf6 2. f3 d5 3. e4 dxe4 4. Nc3 e6 5. fxe4 c5 6. e5 Nd5 7. Nf3 cxd4 8.
Qxd4 Nc6 9. Bb5 Bd7 10. Bxc6 Bxc6 11. O-O Qb6 12. Qxb6 Nxb6 13. Bf4 1/2-1/2

[Event "4NCL Division 2b"]
[Site "Birmingham ENG"]
[Date "2015.02.15"]
[Round "6.28"]
[White "Gill, Oliver"]
[Black "Freeman, Richard"]
[Result "1-0"]
[WhiteElo "2023"]
[BlackElo "2053"]
[PlyCount "73"]
[EventDate "2015.02.15"]

1. e4 d5 2. Nc3 d4 3. Nce2 c5 4. Ng3 g6 5. f4 Bg7 6. Nf3 Nf6 7. Bc4 O-O 8. O-O
Nc6 9. d3 a6 10. a4 Rb8 11. f5 b5 12. axb5 axb5 13. Bb3 Ng4 14. Ng5 Nge5 15.
Qe2 Qb6 16. Kh1 Ba6 17. Bd5 c4 18. Bf4 cxd3 19. cxd3 b4 20. Rad1 b3 21. fxg6
hxg6 22. Nxf7 Nxf7 23. Bxb8 Nxb8 24. Qg4 Qd6 25. Rxf7 Rxf7 26. Rf1 Nd7 27.
Bxf7+ Kh7 28. Bxb3 Ne5 29. Qh3+ Bh6 30. Ne2 Bxd3 31. Qc8 Bg7 32. Bg8+ Kh6 33.
Qh3+ Kg5 34. Qg3+ Ng4 35. h4+ Kh5 36. Nf4+ Kh6 37. Qxg4 1-0

[Event "4NCL Division 2b"]
[Site "Birmingham ENG"]
[Date "2015.02.15"]
[Round "6.29"]
[White "Smith, Graham"]
[Black "Gregory, Keith DF"]
[Result "1-0"]
[WhiteElo "2049"]
[BlackElo "2029"]
[PlyCount "81"]
[EventDate "2015.02.15"]

1. e4 d6 2. d4 Nf6 3. Nc3 Nbd7 4. g4 h6 5. h3 e5 6. Nge2 c6 7. Be3 Be7 8. Bg2
Nf8 9. O-O Ng6 10. f4 exf4 11. Nxf4 Nxf4 12. Bxf4 O-O 13. Qd2 Nh7 14. Ne2 Ng5
15. Ng3 Ne6 16. Be3 Bg5 17. c3 g6 18. Rf3 d5 19. e5 Bxe3+ 20. Qxe3 Qh4 21. Rf6
Ng5 22. Ne2 Be6 23. Raf1 Nh7 24. R6f2 Rae8 25. Nf4 Kg7 26. Rf3 Bc8 27. Qf2
Qxf2+ 28. R3xf2 b6 29. c4 Ba6 30. Rc1 dxc4 31. Bxc6 Rc8 32. Bd7 Rc7 33. e6 Nf6
34. exf7 Rxd7 35. Ne6+ Kxf7 36. Nxf8 Kxf8 37. Rxf6+ Kg7 38. Rf4 Bb5 39. Re1 Bc6
40. Re6 Bd5 41. Re5 1-0

[Event "4NCL Division 2b"]
[Site "Birmingham ENG"]
[Date "2015.02.15"]
[Round "6.30"]
[White "de Coverly, Roger D"]
[Black "Elwin, Adrian"]
[Result "1-0"]
[WhiteElo "1998"]
[BlackElo "1999"]
[PlyCount "71"]
[EventDate "2015.02.15"]

1. Nf3 Nf6 2. g3 g6 3. Bg2 Bg7 4. O-O O-O 5. d4 d5 6. c4 c6 7. b3 Nbd7 8. Bb2
Ne4 9. e3 f5 10. Nfd2 e5 11. cxd5 cxd5 12. Nc3 exd4 13. exd4 Ndf6 14. Nf3 Nxc3
15. Bxc3 Ne4 16. Rc1 Bh6 17. Rc2 f4 18. Bb4 Rf6 19. Ne5 Ng5 20. h4 Nf7 21. Ng4
Rb6 22. Nxh6+ Nxh6 23. Bd2 Rf6 24. Bxf4 Rxf4 25. gxf4 Bf5 26. Rc5 Ng4 27. Bxd5+
Kh8 28. Qf3 Qxh4 29. Qg3 Qf6 30. Bxb7 Rg8 31. Rc7 g5 32. Bg2 Qxd4 33. fxg5 Rxg5
34. Qc3 Qxc3 35. Rxc3 Ne5 36. f4 1-0

[Event "4NCL Division 2b"]
[Site "Birmingham ENG"]
[Date "2015.02.15"]
[Round "6.31"]
[White "Grieve, Harry"]
[Black "Marsh, Roger DW"]
[Result "1/2-1/2"]
[WhiteElo "1907"]
[BlackElo "2013"]
[PlyCount "46"]
[EventDate "2015.02.15"]

1. e4 g6 2. d4 Bg7 3. Nc3 c6 4. Be3 d5 5. e5 h5 6. Qd2 Nh6 7. Bd3 Bf5 8. O-O-O
Bxd3 9. Qxd3 e6 10. Nf3 Nf5 11. h3 h4 12. Ne2 Nd7 13. g4 hxg3 14. Nxg3 Nh4 15.
Bg5 Bh6 16. Bxh6 Nxf3 17. Qxf3 Rxh6 18. Qe3 Rh4 19. f4 Qe7 20. Ne2 O-O-O 21.
Kb1 Nb6 22. b3 Qa3 23. Qc1 Qxc1+ 1/2-1/2

[Event "4NCL Division 2b"]
[Site "Birmingham ENG"]
[Date "2015.02.15"]
[Round "6.32"]
[White "Zhou, Yang-Jian"]
[Black "Williamson, Kevin"]
[Result "1/2-1/2"]
[WhiteElo "1884"]
[BlackElo "1982"]
[PlyCount "110"]
[EventDate "2015.02.15"]

1. Nf3 Nc6 2. d4 d5 3. c4 Bg4 4. cxd5 Bxf3 5. dxc6 Bxc6 6. Nc3 e6 7. e4 Bb4 8.
f3 Qh4+ 9. g3 Qh5 10. a3 Bxc3+ 11. bxc3 f5 12. Be2 O-O-O 13. Qb3 fxe4 14. fxe4
Qg6 15. O-O Bxe4 16. Bh5 Qxh5 17. Qxe6+ Kb8 18. Qxe4 Nf6 19. Qg2 Rde8 20. Rb1
b6 21. Rb2 Re7 22. Bf4 Rhe8 23. Qc6 Qd5 24. Qb5 Qxb5 25. Rxb5 Re2 26. Re5 R8xe5
27. Bxe5 Re3 28. Rc1 Ne4 29. Bxg7 Rxc3 30. Rxc3 Nxc3 31. h4 Nb5 32. a4 Nc3 33.
g4 Kc8 34. g5 Kd7 35. h5 Ne2+ 36. Kh2 Nf4 37. g6 Nxg6 38. hxg6 hxg6 39. Bf8 Ke6
40. Kg3 Kd5 41. Bg7 c5 42. dxc5 bxc5 43. Kf4 Kc4 44. a5 a6 45. Kg5 Kb4 46. Bf8
Kb5 47. Kxg6 c4 48. Kf5 Kxa5 49. Ke4 Ka4 50. Ke3 c3 51. Ke2 Kb3 52. Kd1 Kb2 53.
Bg7 a5 54. Bxc3+ Kxc3 55. Kc1 a4 1/2-1/2

[Event "4NCL Division 2b"]
[Site "Birmingham Airport ENG"]
[Date "2015.03.28"]
[Round "7.251"]
[White "Snuverink, Jochem"]
[Black "Lock, Gavin R"]
[Result "1-0"]
[WhiteElo "2373"]
[BlackElo "2174"]
[PlyCount "63"]
[EventDate "2015.03.28"]
[WhiteTeam "Kings Head"]
[BlackTeam "Wessex"]

1. e4 e6 2. d4 d5 3. Nc3 Nf6 4. Bg5 Bb4 5. e5 h6 6. Be3 Ne4 7. Qg4 g6 8. a3
Bxc3+ 9. bxc3 c5 10. Bd3 h5 11. Qh3 Nxc3 12. dxc5 d4 13. Bd2 Nc6 14. Nf3 Qd5
15. O-O Bd7 16. Rfe1 Qxc5 17. Qh4 Ne7 18. Nxd4 Nf5 19. Bxf5 gxf5 20. Qf6 Rg8
21. Nxf5 Nd5 22. Ng7+ Kf8 23. Bh6 Nxf6 24. Nxe6+ Ke8 25. Nxc5 Ng4 26. Bf4 Rg6
27. Nxb7 Bc6 28. Nd6+ Kf8 29. f3 Nh6 30. Kf2 Ng8 31. c4 Ne7 32. h4 1-0

[Event "4NCL Division 2b"]
[Site "Birmingham Airport ENG"]
[Date "2015.03.28"]
[Round "7.252"]
[White "Simons, Martin J"]
[Black "McMichael, Richard J"]
[Result "0-1"]
[WhiteElo "2064"]
[BlackElo "2176"]
[PlyCount "50"]
[EventDate "2015.03.28"]
[WhiteTeam "Wessex"]
[BlackTeam "Kings Head"]

1. d4 e6 2. e4 d5 3. Be3 dxe4 4. Nd2 Nf6 5. f3 exf3 6. Ngxf3 Nbd7 7. c3 c5 8.
Bd3 Be7 9. O-O O-O 10. Qe2 b6 11. Ne5 Bb7 12. Rae1 Qc7 13. Bg5 Nxe5 14. dxe5
Nd5 15. Bf6 Bxf6 16. exf6 Nf4 17. Qg4 Ng6 18. h4 Rad8 19. Re3 gxf6 20. Rxf6 Kh8
21. h5 Ne5 22. Qf4 Rg8 23. g3 Rxd3 24. Rxd3 Qc6 25. Ne4 Nxd3 0-1

[Event "4NCL Division 2b"]
[Site "Birmingham Airport ENG"]
[Date "2015.03.28"]
[Round "7.253"]
[White "Guthrie, David W"]
[Black "Pleasants, Allan J"]
[Result "1-0"]
[WhiteElo "2198"]
[BlackElo "2097"]
[PlyCount "65"]
[EventDate "2015.03.28"]
[WhiteTeam "Kings Head"]
[BlackTeam "Wessex"]

1. d4 Nf6 2. c4 c5 3. d5 b5 4. Nf3 d6 5. cxb5 a6 6. e3 Nbd7 7. Nc3 g6 8. a4 Bg7
9. e4 O-O 10. Bd2 Bb7 11. Be2 axb5 12. Bxb5 e6 13. dxe6 fxe6 14. Qe2 d5 15.
exd5 exd5 16. O-O Qc7 17. Rae1 Rae8 18. Qd1 Ne4 19. Nxe4 dxe4 20. Ng5 Re5 21.
Qb3+ Bd5 22. Bc4 Qc6 23. Rxe4 Kh8 24. Rxe5 Bxc4 25. Qxc4 Nxe5 26. Qh4 h5 27.
Bc3 Nd3 28. Qc4 Nf4 29. f3 Qd7 30. Re1 Bd4+ 31. Kh1 Rf5 32. h4 Qd5 33. Bxd4+
1-0

[Event "4NCL Division 2b"]
[Site "Birmingham Airport ENG"]
[Date "2015.03.28"]
[Round "7.254"]
[White "Clark, Ian C"]
[Black "Davey, Mark"]
[Result "0-1"]
[WhiteElo "2037"]
[BlackElo "2004"]
[PlyCount "58"]
[EventDate "2015.03.28"]
[WhiteTeam "Wessex"]
[BlackTeam "Kings Head"]

1. e4 c5 2. Nf3 Nc6 3. Nc3 g6 4. Bb5 Bg7 5. Bxc6 bxc6 6. O-O d6 7. d3 e5 8. Bg5
Ne7 9. Qe2 Rb8 10. Nd1 O-O 11. c3 Ba6 12. Qd2 f5 13. exf5 gxf5 14. Re1 Qd7 15.
d4 cxd4 16. Nxd4 Ng6 17. Nb3 Bc8 18. h4 f4 19. h5 Rf5 20. hxg6 Rxg5 21. gxh7+
Kxh7 22. Nc1 Rxg2+ 23. Kxg2 Qh3+ 24. Kg1 f3 25. Ne3 Bh6 26. Qd3+ Kh8 27. Qxd6
Rb7 28. Qxe5+ Rg7+ 29. Qxg7+ Kxg7 0-1

[Event "4NCL Division 2b"]
[Site "Birmingham Airport ENG"]
[Date "2015.03.28"]
[Round "7"]
[White "Gregory, Keith DF"]
[Black "Gilfillan, Andrew"]
[Result "1/2-1/2"]
[WhiteElo "2020"]
[BlackElo "1992"]
[PlyCount "40"]
[EventDate "2015.03.28"]
[WhiteTeam "Wessex"]
[BlackTeam "Kings Head"]

1. Nf3 b5 2. g3 Bb7 3. Bg2 e6 4. O-O Nf6 5. d3 d5 6. c4 bxc4 7. dxc4 c6 8. b3
Nbd7 9. Bb2 Be7 10. Nbd2 O-O 11. Qc2 Qb6 12. Rac1 a5 13. e3 Ba6 14. Rfd1 h6 15.
Bd4 c5 16. Ba1 Rac8 17. Nb1 Rfd8 18. Nc3 Qc6 19. Na4 Bb7 20. Bc3 Ra8 1/2-1/2

[Event "4NCL Division 2b"]
[Site "Birmingham Airport ENG"]
[Date "2015.03.28"]
[Round "7.1"]
[White "Mackenzie, Colin"]
[Black "Bellers, Christopher JV"]
[Result "1-0"]
[WhiteElo "2046"]
[BlackElo "2029"]
[PlyCount "135"]
[EventDate "2015.03.28"]
[WhiteTeam "Kings Head"]
[BlackTeam "Wessex"]

1. c4 g6 2. g3 Bg7 3. Bg2 c5 4. Nc3 Nc6 5. a3 d6 6. Rb1 a5 7. d3 Bd7 8. Nf3 Nf6
9. O-O O-O 10. Bd2 h6 11. Ne1 Rb8 12. Nc2 Kh7 13. b4 axb4 14. axb4 cxb4 15.
Nxb4 Nxb4 16. Rxb4 Bc6 17. Nd5 Nd7 18. Qc2 e6 19. Nc3 Nc5 20. Rfb1 Qd7 21. Bxc6
Qxc6 22. Rb6 Qc7 23. Bf4 Be5 24. Bxe5 dxe5 25. R6b5 Rfd8 26. Qb2 Rd7 27. Qb4
Rc8 28. Qb2 Ra8 29. Rxc5 Qxc5 30. Ne4 Qd4 31. Nf6+ Kg7 32. Nxd7 Qxd7 33. Qxe5+
Kg8 34. Qe4 Qc6 35. Qxc6 bxc6 36. Rb6 Rc8 37. Rb7 Kg7 38. Kg2 Kf6 39. Kf3 e5
40. g4 Ke6 41. h4 Rf8 42. h5 gxh5 43. gxh5 Rc8 44. Ke3 Kf6 45. f4 Re8 46. f5
Rc8 47. Ke4 Rg8 48. Rc7 Rg4+ 49. Ke3 Kxf5 50. Rxf7+ Kg5 51. Re7 Kf5 52. Rc7 Rh4
53. Rxc6 Rxh5 54. Kf3 Rh3+ 55. Kg2 Rh4 56. Rd6 h5 57. c5 Rg4+ 58. Kf3 Rf4+ 59.
Ke3 Ra4 60. c6 Ra8 61. c7 Rc8 62. Rc6 h4 63. Kf3 Kg5 64. Rc5 Kf5 65. d4 h3 66.
Rxe5+ Kf6 67. Rc5 Ke6 68. Kg3 1-0

[Event "4NCL Division 2b"]
[Site "Birmingham Airport ENG"]
[Date "2015.03.28"]
[Round "7.2"]
[White "Zhou, Yang-Jian"]
[Black "Onslow, Alfie"]
[Result "0-1"]
[WhiteElo "1892"]
[BlackElo "1632"]
[PlyCount "104"]
[EventDate "2015.03.28"]
[WhiteTeam "Wessex"]
[BlackTeam "Kings Head"]

1. Nf3 d5 2. g3 c6 3. Bg2 Nf6 4. O-O h5 5. d4 Bf5 6. c4 e6 7. Nc3 Bd6 8. Bg5
Nbd7 9. Nh4 Bh7 10. e4 dxe4 11. Nxe4 Bxe4 12. Bxe4 Be7 13. Bf3 g6 14. d5 cxd5
15. cxd5 exd5 16. Re1 O-O 17. Qd3 Nc5 18. Qc2 Nce4 19. Bxe4 dxe4 20. f3 Rc8 21.
Qb3 Kg7 22. fxe4 Nxe4 23. Bxe7 Qxe7 24. Qe3 Qc5 25. Qxc5 Nxc5 26. Re7 Rfe8 27.
Rae1 Rxe7 28. Rxe7 Kf6 29. Re2 Nd3 30. Rd2 Rc1+ 31. Kg2 Nb4 32. Rf2+ Kg7 33. a3
Nd3 34. Rd2 Rc2 35. Rxc2 Ne1+ 36. Kf2 Nxc2 37. Nf3 Kf6 38. Ke2 g5 39. Kd2 g4
40. Kxc2 gxf3 41. Kd3 Kg5 42. Ke3 Kg4 43. Kf2 Kh3 44. Kxf3 Kxh2 45. Kf2 Kh3 46.
Kf3 b5 47. b3 a5 48. b4 a4 49. Kf2 Kg4 50. Kg2 f5 51. Kh2 f4 52. gxf4 Kxf4 0-1

[Event "4NCL Division 2b"]
[Site "Birmingham Airport ENG"]
[Date "2015.03.28"]
[Round "7.5"]
[White "Varnam, Liam D"]
[Black "Constantinou, Peter"]
[Result "1/2-1/2"]
[WhiteElo "2124"]
[BlackElo "2294"]
[PlyCount "120"]
[EventDate "2015.03.28"]
[WhiteTeam "Grantham Sharks 2"]
[BlackTeam "MK Phoenix 1"]

1. e4 g6 2. d4 Bg7 3. Nc3 c6 4. g3 d5 5. exd5 cxd5 6. Bg2 Nf6 7. Nge2 O-O 8.
Bg5 Nbd7 9. O-O h6 10. Bf4 Nb6 11. b3 Bf5 12. a4 Rc8 13. h3 Ne4 14. Bxe4 dxe4
15. g4 Bd7 16. a5 Na8 17. Nxe4 f5 18. Nc5 fxg4 19. Qd3 gxh3 20. Nxd7 Qxd7 21.
Bg3 Qc6 22. Qc4+ Qxc4 23. bxc4 Rxc4 24. c3 Nc7 25. Rfb1 Nd5 26. Rxb7 Nxc3 27.
Nxc3 Rxc3 28. Rd1 Rd8 29. d5 Rc5 30. Rxa7 Rcxd5 31. Rxd5 Rxd5 32. a6 Ra5 33.
Rxe7 Rxa6 34. Kh2 Ra5 35. Kxh3 Kh7 36. Re4 h5 37. f4 Ra7 38. Bf2 Rd7 39. Be3
Bf6 40. Bf2 Kg7 41. Re3 Kf7 42. Bg3 Re7 43. Rb3 Re2 44. Rb7+ Re7 45. Rb3 Bd4
46. Rd3 Bb6 47. Rb3 Bc7 48. Rc3 Bb6 49. Rb3 Re6 50. Rb5 Rc6 51. Rb3 Ke6 52. Rb5
Bc5 53. Kg2 Bd6 54. Rg5 Kf6 55. Bh4 Rc2+ 56. Kf3 Rc3+ 57. Kg2 Kf7 58. f5 Rc2+
59. Kf3 Rc3+ 60. Kg2 Rc2+ 1/2-1/2

[Event "4NCL Division 2b"]
[Site "Birmingham Airport ENG"]
[Date "2015.03.28"]
[Round "7.6"]
[White "Tippleston, Charles"]
[Black "Cumbers, Paul"]
[Result "0-1"]
[WhiteElo "2130"]
[BlackElo "2164"]
[PlyCount "95"]
[EventDate "2015.03.28"]
[WhiteTeam "MK Phoenix 1"]
[BlackTeam "Grantham Sharks 2"]

1. e4 e6 2. d4 d5 3. Nc3 Nf6 4. Bg5 Bb4 5. e5 h6 6. Bd2 Bxc3 7. bxc3 Ne4 8. Bd3
Nxd2 9. Qxd2 c5 10. Nf3 Qa5 11. dxc5 Nd7 12. O-O Nxc5 13. Nd4 Bd7 14. Rfb1 Qc7
15. f4 O-O 16. Rf1 Na4 17. g4 Nxc3 18. Rae1 Ne4 19. Qe3 Bc6 20. h4 Rae8 21.
Bxe4 dxe4 22. Nxc6 Qxc6 23. Qxe4 Rc8 24. Rf2 Rfd8 25. Qxc6 Rxc6 26. Rb1 b6 27.
Kg2 Rd4 28. Rb3 Ra4 29. a3 Rac4 30. Rb2 Rc3 31. Ra2 R6c4 32. g5 h5 33. a4 Kh7
34. a5 b5 35. Rd2 Rxf4 36. Rd7 a6 37. Ra7 Rc6 38. c3 Kg6 39. Rd2 Rxh4 40. Rf2
Kxg5 41. Rfxf7 g6 42. Rfd7 Ra4 43. Rd3 h4 44. Rf7 Rxa5 45. Rd6 Ra2+ 46. Kf3
Rxc3+ 47. Ke4 Ra4+ 48. Rd4 0-1

[Event "4NCL Division 2b"]
[Site "Birmingham Airport ENG"]
[Date "2015.03.28"]
[Round "7.7"]
[White "Willis, Rupert"]
[Black "Habershon, Paul"]
[Result "0-1"]
[WhiteElo "2140"]
[BlackElo "2112"]
[PlyCount "120"]
[EventDate "2015.03.28"]
[WhiteTeam "Grantham Sharks 2"]
[BlackTeam "MK Phoenix 1"]

1. c4 Nf6 2. g3 g6 3. b4 Bg7 4. Bb2 O-O 5. Bg2 d6 6. d3 Nbd7 7. Nd2 e5 8. Ngf3
Nh5 9. Qc2 f5 10. O-O Qe7 11. e3 c6 12. Rfe1 h6 13. Rac1 g5 14. e4 f4 15. c5 g4
16. Nh4 Rf7 17. cxd6 Qxd6 18. Nc4 Qf6 19. Nf5 Bf8 20. d4 Bxb4 21. dxe5 Qg6 22.
Red1 Nb6 23. Ncd6 Bxd6 24. exd6 Bxf5 25. exf5 Qh7 26. Re1 f3 27. Bf1 Nf6 28.
Re6 Raf8 29. Rce1 h5 30. a4 h4 31. Qd2 hxg3 32. fxg3 Qxf5 33. Qf2 Nxa4 34. R6e5
Qg6 35. Bc1 Rg7 36. Kh1 Nb6 37. Qa2+ Nfd5 38. Re6 Qf7 39. Qf2 Rg6 40. Rxg6+
Qxg6 41. Qd4 Qg7 42. Re5 Rf5 43. Re8+ Rf8 44. Qxg7+ Kxg7 45. Bh6+ Kxh6 46. Rxf8
Nd7 47. Rf7 N5f6 48. h4 Kg6 49. Re7 Nc5 50. Bc4 a5 51. Bf7+ Kh6 52. Be6 Nce4
53. d7 Nxd7 54. Rxd7 Nxg3+ 55. Kh2 f2 56. Rf7 f1=Q 57. Rxf1 Nxf1+ 58. Kg1 Nd2
59. Bxg4 a4 60. Be6 b5 0-1

[Event "4NCL Division 2b"]
[Site "Birmingham Airport ENG"]
[Date "2015.03.28"]
[Round "7.8"]
[White "Brown, Alan"]
[Black "Purton, Ben J"]
[Result "0-1"]
[WhiteElo "2098"]
[BlackElo "2142"]
[PlyCount "64"]
[EventDate "2015.03.28"]
[WhiteTeam "MK Phoenix 1"]
[BlackTeam "Grantham Sharks 2"]

1. d4 Nf6 2. c4 g6 3. Nc3 d5 4. Bf4 Bg7 5. e3 O-O 6. Nf3 c5 7. Be2 cxd4 8. Nxd4
a6 9. O-O dxc4 10. Bxc4 Nbd7 11. Nf3 Qa5 12. e4 e6 13. Qe2 b5 14. Bd3 Bb7 15.
a3 Nh5 16. Be3 Rac8 17. Bd2 Qc7 18. Qe3 Rfd8 19. Rac1 Qb8 20. b4 Ne5 21. Nxe5
Bxe5 22. Ne2 Rxc1 23. Bxc1 Bxh2+ 24. Kh1 Be5 25. f4 Bh8 26. Bc2 Qc7 27. Bb1 Qc6
28. Bd2 Qd6 29. Bc3 Bxc3 30. Nxc3 Qd2 31. Qf3 Qb2 32. Ne2 Qxe2 0-1

[Event "4NCL Division 2b"]
[Site "Birmingham Airport ENG"]
[Date "2015.03.28"]
[Round "7.9"]
[White "Birtwistle, Nigel"]
[Black "Reuben, Stewart"]
[Result "1-0"]
[WhiteElo "2132"]
[BlackElo "2066"]
[PlyCount "57"]
[EventDate "2015.03.28"]
[WhiteTeam "Grantham Sharks 2"]
[BlackTeam "MK Phoenix 1"]

1. e4 c5 2. c3 Nf6 3. e5 Nd5 4. d4 cxd4 5. Nf3 Nc6 6. cxd4 d6 7. Bc4 Nb6 8. Bb3
Bf5 9. exd6 e6 10. Nc3 Bxd6 11. O-O O-O 12. h3 Nb4 13. Bg5 Be7 14. Bxe7 Qxe7
15. a3 Nd3 16. Qd2 Rfd8 17. Ne2 Rac8 18. Nf4 Nc5 19. Qb4 a5 20. Qxb6 Rc6 21.
Qb5 Nxb3 22. Qxb3 Qc7 23. Qe3 Rc8 24. Ne2 Qb6 25. Ng3 Qxb2 26. Nxf5 exf5 27.
Rab1 Qa2 28. Rxb7 Rc3 29. Qxc3 1-0

[Event "4NCL Division 2b"]
[Site "Birmingham Airport ENG"]
[Date "2015.03.28"]
[Round "7.10"]
[White "Smith, Graham"]
[Black "McGowan, Daniel"]
[Result "0-1"]
[WhiteElo "2063"]
[BlackElo "2124"]
[PlyCount "54"]
[EventDate "2015.03.28"]
[WhiteTeam "MK Phoenix 1"]
[BlackTeam "Grantham Sharks 2"]

1. e4 e6 2. b3 d5 3. Bb2 dxe4 4. Nc3 Nf6 5. Qe2 Be7 6. Nxe4 Nbd7 7. Nf3 Nxe4 8.
Qxe4 Nf6 9. Qe5 O-O 10. O-O-O b6 11. Be2 Bb7 12. Rhg1 Ne8 13. d4 Bd6 14. Qe3
Nf6 15. Ne5 Qe7 16. Kb1 Nd5 17. Qd2 c5 18. Bf3 Rfd8 19. Qe1 cxd4 20. Bxd4 Rac8
21. Nc4 Bb4 22. c3 Bc5 23. Qe5 Bxd4 24. Qxd4 b5 25. Bxd5 Rxd5 26. Qxa7 Rxd1+
27. Rxd1 Be4+ 0-1

[Event "4NCL Division 2b"]
[Site "Birmingham Airport ENG"]
[Date "2015.03.28"]
[Round "7.11"]
[White "Prior, Stephen"]
[Black "Freeman, Richard"]
[Result "1-0"]
[WhiteElo "1998"]
[BlackElo "2039"]
[PlyCount "65"]
[EventDate "2015.03.28"]
[WhiteTeam "Grantham Sharks 2"]
[BlackTeam "MK Phoenix 1"]

1. e4 d5 2. exd5 Nf6 3. Nf3 Nxd5 4. d4 g6 5. c4 Nb6 6. Nc3 Bg7 7. c5 Nd5 8. Bc4
Nxc3 9. bxc3 O-O 10. O-O c6 11. Bg5 h6 12. Bh4 g5 13. Bg3 Nd7 14. Re1 Nf6 15.
Qc2 Nd5 16. Ne5 Be6 17. Bd3 Qc8 18. Rab1 Nf6 19. Nc4 Nd5 20. Rxe6 fxe6 21. Bh7+
Kh8 22. Ne5 Rf5 23. Bxf5 exf5 24. c4 Nf6 25. Ng6+ Kh7 26. Nxe7 Qd7 27. Nxf5 b6
28. Re1 Kh8 29. Nxg7 Kxg7 30. cxb6 axb6 31. Be5 Re8 32. h3 Kf7 33. Re3 1-0